| 000 | nam a22 a 4500 | ||
|---|---|---|---|
| 999 |
_c467198 _d467198 |
||
| 003 | BLK | ||
| 005 | 20220719113425.0 | ||
| 008 | 220719b bu |||||r|||| 00| | bu d | ||
| 040 | _aBLK | ||
| 041 |
_aBUL _cBUL |
||
| 080 |
_aБолести на мускулите - Разкъсвания, миозит, мускулна атрофия, миалгии (болки), парализи и др. _b616.74 _z616.74 |
||
| 100 |
_9316382 _aБожинов, Сашо Николов _eпърви автор |
||
| 139 | _aМиопатии | ||
| 245 |
_aМиопатии _bКлин., биохим., хистол. и електронномикроскопски изследвания : [Моногр.] _cСашо Божинов и др. ; под ред. на С. Божинов, Г. Гълъбов |
||
| 260 |
_9209542 _aСофия _bМедицина и физкултура _c1973 |
||
| 300 |
_a300 с. _bс ил., табл. _c23 см |
||
| 380 | _a61 | ||
| 500 | _aДруги авт.: Т. Божинова, Ив. Георгиев, Г. Гълъбов, М. Давидов, Р. Димова, А. Иванова, А. Къркеселян, Ив. Лолова, Ст. Манолов, С. Пенчева, Е. Цветанова, Я. Янков ; Авт. отбелязани на с. 5 1 590 тир Библиогр. с. 249-266 ; Рез. на рус., англ. ез. | ||
| 650 | 0 |
_9428033 _aМускули |
|
| 653 | 7 |
_9191582 _aмускули |
|
| 653 | 7 |
_9182223 _aболести |
|
| 700 |
_9864 _aГълъбов, Георги _eпод общ. ред. на |
||
| 852 |
_aЦб 66247 _bЦб |
||
| 942 |
_cKNG _n0 _s1 |
||
| 944 |
_aCR _c2022-07-19 _kМикаела Микова-Илиева _l2022-07-19 |
||